000 00711nam a2200289Ia 4500
005 20260324134032.0
008 008 260324s9999 xx 000 0 eng d
020 _a9780203464083
037 _aEBOOK
040 _aCRL
040 _beng
040 _cCRL
041 _2eng
041 _aeng
084 _qCRL
100 _aJiju Antony; David Preece
_91195334
245 0 _aUnderstanding, Managing and Implementing Quality
245 0 _bFrameworks, Techniques and Cases
260 _bTaylor and Francis
260 _c2002
365 _a
365 _b300
856 _uhttp://www.taylorfrancis.com/books/9780203464083
942 _cEBOOK
999 _c1794972
_d1794972